000 00961cab a2200265 4500
001 ABS57041
008 090401t1997 xxu||||| |||| 00| 0 eng d
035 _a(Sirsi) u78719
041 _aeng
100 _aAdair, A.
245 4 _aThe impact of retailers` store selection criteria on the estimation of retail rents
260 _c1997
350 _a0
490 _aJournal of Property Valuation and Investment
_v15(2) 1997, 119-130(12)
520 _aExamines retailers` evaluation of micro-scale property selection citeria with particular attention to the impact of locational, physical and lease term factors. Highlights the relationship between retail function, store selection and rental value.
650 _aCOMMERCIAL LEASES
650 _aRENTAL VALUES
650 _aRETAIL PROPERTY
650 _aValuation
_96273
690 _aRATING AND VALUATION
700 _aMcGreal, S.
700 _aO`Roarty, B
942 _n0
948 _c04/06/1997
999 _c49486
_d49486